000 00303nam a22001337a 4500
008 170627b xxu||||| |||| 00| 0 eng d
020 _a9780830412488
041 _aeng
080 _a34
100 _a13
101 _aSHJ
245 _aCORRECTIONAL THEORY AND PRACTICE
_cHARTJEN, C.A
942 _2udc
_cBK
999 _c19214
_d19214